Neend Hamari Khwab Tumhare / (Record no. 44938)

MARC details
000 -LEADER
fixed length control field 01310njm a22003017a 4500
005 - DATE AND TIME OF LATEST TRANSACTION
control field 20100909161132.0
006 - FIXED-LENGTH DATA ELEMENTS--ADDITIONAL MATERIAL CHARACTERISTICS--GENERAL INFORMATION
fixed length control field a|||||r|||||00| 0
007 - PHYSICAL DESCRIPTION FIXED FIELD--GENERAL INFORMATION
fixed length control field sd ammalaaahaa
008 - FIXED-LENGTH DATA ELEMENTS--GENERAL INFORMATION
fixed length control field 100909t xxu||||| |||| 00| 0 eng d
028 ## - PUBLISHER NUMBER
Publisher number N.55112
Source His Master's Voice
035 ## - SYSTEM CONTROL NUMBER
System control number GR-01657
040 ## - CATALOGING SOURCE
Original cataloging agency SED
Transcribing agency SED
100 ## - MAIN ENTRY--PERSONAL NAME
9 (RLIN) 17690
245 ## - TITLE STATEMENT
Title Neend Hamari Khwab Tumhare /
Statement of responsibility, etc by Movie Monuments; sung by Mohd.Rafi, Asha Bhosle & Mubarak Begum; music by Madan Mohan; lyric by Rajinder Krishan
Medium [Sound Recording] :
246 ## - VARYING FORM OF TITLE
Title proper/short title नींद हमारी ख्वाब तुम्हारे /
260 ## - PUBLICATION, DISTRIBUTION, ETC. (IMPRINT)
Place of publication, distribution, etc Dum Dum India
Name of publisher, distributor, etc His Master' Voice
Date of publication, distribution, etc 1966
300 ## - PHYSICAL DESCRIPTION
Extent 1 sound disc (Gramophone Recording)
Other physical details analog, 33 1/3 rpm
Dimensions 9.5 in. (MP)
Type of unit Gramophone Record
500 ## - GENERAL NOTE
General note Brief Record
505 ## - FORMATTED CONTENTS NOTE
Formatted contents note Side-1 यूँ रूठो ना (Yun Rutho Naa) (Mohd.Rafi) -- Side-2 साकिया एक जाम (Saakiya Ek Jaam) (Asha Bhosle & Mubarak Begum)
650 ## - SUBJECT ADDED ENTRY--TOPICAL TERM
Topical term or geographic name as entry element Classical Music
General subdivision Excerpts
Geographic subdivision India
9 (RLIN) 17691
700 ## - ADDED ENTRY--PERSONAL NAME
Personal name Mohd.Rafi
9 (RLIN) 19285
700 ## - ADDED ENTRY--PERSONAL NAME
Personal name Bhosle, Asha
9 (RLIN) 19286
700 ## - ADDED ENTRY--PERSONAL NAME
Personal name Begum, Mubarak
9 (RLIN) 19287
700 ## - ADDED ENTRY--PERSONAL NAME
Personal name Mohan, Madan
9 (RLIN) 19288
700 ## - ADDED ENTRY--PERSONAL NAME
Personal name Krishan, Rajinder
9 (RLIN) 19289
942 ## - ADDED ENTRY ELEMENTS (KOHA)
Source of classification or shelving scheme Dewey Decimal Classification
Item type Gramaphone Records
Holdings
Withdrawn status Lost status Source of classification or shelving scheme Damaged status Not for loan Collection code Home library Current library Date acquired Source of acquisition Total Checkouts Barcode Date last seen Copy number Price effective from Koha item type
    Dewey Decimal Classification   Not For Loan Non-fiction Central Library Central Library 09/09/2010 SED/VEN   GR-01657 09/09/2010 1 09/09/2010 Gramaphone Records

© Delhi Public Library
Hit Counter
free hit counter